|
|
|
|
| LEADER |
01474nam a22003854a 4500 |
| 001 |
35723 |
| 003 |
BD-DhAAL |
| 005 |
20211129151002.0 |
| 008 |
190918t2004 enka bf 001 0 eng |
| 999 |
|
|
|c 41303
|d 41303
|
| 010 |
|
|
|a 2004101730
|
| 020 |
|
|
|a 1412900689
|
| 020 |
|
|
|a 9781412900690
|
| 035 |
|
|
|a (DLC) 2004101730
|
| 040 |
|
|
|a DLC
|c DLC
|d DLC
|d BD-DhAAL
|
| 042 |
|
|
|a pcc
|
| 050 |
0 |
0 |
|a LB2331
|b .B847 2004
|
| 082 |
0 |
0 |
|a 378.12
|2 22
|
| 100 |
1 |
|
|a Burns, Tom,
|d 1959-
|9 34852
|
| 245 |
1 |
0 |
|a Teaching, learning and study skills :
|b a guide for tutors /
|c Tom Burns and Sandra Sinfield.
|
| 246 |
1 |
4 |
|a Teaching, learning & study skills
|
| 260 |
|
|
|a London ;
|a Thousand Oaks, Calif. :
|b SAGE Publications,
|c 2004.
|
| 300 |
|
|
|a ix, 273 pages :
|b illustrations ;
|c 24 cm.
|
| 490 |
|
|
|a Sage study skills
|
| 504 |
|
|
|a Includes bibliographical references and index.
|
| 526 |
|
|
|a BIED
|
| 541 |
|
|
|a Complimentary copy from BIED
|e 35723
|
| 650 |
|
0 |
|a College teaching
|v Handbooks, manuals, etc.
|9 34853
|
| 650 |
|
0 |
|a Study skills
|v Handbooks, manuals, etc.
|9 34854
|
| 650 |
|
0 |
|a Teaching
|9 34855
|
| 650 |
|
0 |
|a Learning
|9 34856
|
| 700 |
1 |
|
|a Sinfield, Sandra.
|9 34857
|
| 852 |
|
|
|a Ayesha Abed Library
|c BIED Collection
|
| 942 |
|
|
|2 ddc
|c BK
|
| 952 |
|
|
|0 0
|1 0
|2 ddc
|4 0
|6 378_120000000000000_BUR
|7 0
|9 66388
|a BRACUL
|b BRACUL
|c GEN
|d 2019-09-18
|e Complimentary copy from BIED
|l 3
|m 40
|o 378.12 BUR
|p 3010035723
|r 2023-10-12
|s 2023-02-06
|t 1
|w 2019-09-18
|y BK
|x Transferred from BIED to General Stacks
|